Приглашение в Россию 2. Базовый практический курс русского языка: учебник

Bibliographic Details
Main Author: Корчагина Е. Л. Елена Львовна
Other Authors: Литвинова Н. Д. Наталья Дмитриевна
Summary:Учебник русского языка «Приглашение в Россию» представляет собой серию учебных материалов, цель которых — поэтапное формирование навыков и умений общения в ситуациях повседневной жизни в соответствии с выделяемыми в Европейской шкале уровнями владения иностранными языками (см. «The Common European Framework of Reference for Language and Teaching*, 2001). Серия состоит из 3-х учебных комплексов, каждый из которых включает: 1. Книгу для учащегося. 2. Рабочую тетрадь. 3. Аудиокассеты. Учебник адресован взрослым учащимся. Он может быть использован для работы в разной национальной аудитории и в различных формах обучения. Первая часть серии адресована тем учащимся, которые хотят овладеть русским языком на элементарном уровне общения. Вторая часть серии адресована тем учащимся, которые хотят овладеть русским языком на базовом уровне общения. Учебник выполнен в русле ориентированного обучения, коммуникативный. Страноведческий материал дается системно, в уроках используются задания, организованные с учетом разнообразных когнитивных стилей учащихся. Значительное внимание уделяется зрительной и слуховой наглядности, в соответствии с современными технологиями обучения.
Language:Russian
Published: Москва, Русский язык. Курсы, 2011
Subjects:
Format: Book
KOHA link:https://koha.lib.tpu.ru/cgi-bin/koha/opac-detail.pl?biblionumber=228535

MARC

LEADER 00000nam0a2200000 4500
001 228535
005 20231101230902.0
010 |a 9785883370365 
035 |a (RuTPU)RU\TPU\book\249010 
090 |a 228535 
100 |a 20121219d2011 m y0rusy50 ca 
101 0 |a rus 
102 |a RU 
105 |a a j 000zy 
200 1 |a Приглашение в Россию 2. Базовый практический курс русского языка  |e учебник  |f Е. Л. Корчагина, Н. Д. Литвинова 
210 |a Москва  |c Русский язык. Курсы  |d 2011 
215 |a 275 с.  |c ил.  |e CD-ROM 
330 |a Учебник русского языка «Приглашение в Россию» представляет собой серию учебных материалов, цель которых — поэтапное формирование навыков и умений общения в ситуациях повседневной жизни в соответствии с выделяемыми в Европейской шкале уровнями владения иностранными языками (см. «The Common European Framework of Reference for Language and Teaching*, 2001). Серия состоит из 3-х учебных комплексов, каждый из которых включает: 1. Книгу для учащегося. 2. Рабочую тетрадь. 3. Аудиокассеты. Учебник адресован взрослым учащимся. Он может быть использован для работы в разной национальной аудитории и в различных формах обучения. Первая часть серии адресована тем учащимся, которые хотят овладеть русским языком на элементарном уровне общения. Вторая часть серии адресована тем учащимся, которые хотят овладеть русским языком на базовом уровне общения. Учебник выполнен в русле ориентированного обучения, коммуникативный. Страноведческий материал дается системно, в уроках используются задания, организованные с учетом разнообразных когнитивных стилей учащихся. Значительное внимание уделяется зрительной и слуховой наглядности, в соответствии с современными технологиями обучения. 
606 1 |a Русский язык  |x Для других народов  |x Учебные руководства и пособия  |2 stltpush  |3 (RuTPU)RU\TPU\subj\26400  |9 50340 
610 1 |a лексика 
610 1 |a грамматика 
610 1 |a разговорная речь 
610 1 |a разговорные темы 
610 1 |a упражнения 
610 1 |a CD-ROM 
686 |a Ш141.2-96  |v LBC/SL-A  |2 rubbk 
700 1 |a Корчагина  |b Е. Л.  |g Елена Львовна 
701 1 |a Литвинова  |b Н. Д.  |g Наталья Дмитриевна 
801 1 |a RU  |b 63413507  |c 20121219 
801 2 |a RU  |b 63413507  |c 20170621  |g RCR 
942 |c BK 
959 |a 162/20121218  |d 10  |e 387,50